| 000 | 01197nam a2200253 a 4500 | ||
|---|---|---|---|
| 001 | 71530 | ||
| 003 | BD-RjUL | ||
| 005 | 20211209082128.0 | ||
| 008 | 170504s1939 ii a|||| |||| 000 0 ben d | ||
| 035 | _a(BD-RjUL)71746 | ||
| 040 |
_aBD-RjUL _bben _cBD-RjUL _dBD-RjUL |
||
| 041 | _aben | ||
| 082 |
_223 _a954.922 _bGUB 139 |
||
| 100 | 1 |
_aগুপ্ত, যোগেন্দ্রনাথ _9164212 |
|
| 245 | 1 | 0 |
_aবিক্রমপুরের ইতিহাস : _b[প্রাচীন বৈদিক যুগ হইতে মুসলমান-বিজয়পর্য্যন্ত] / _cযোগেন্দ্রনাথ গুপ্ত প্রণীত |
| 250 | _a২য় সং. | ||
| 260 |
_aকলিকাতা : _bসুধাংশুশেখর গুপ্ত, _c১৯৩৯ [১৩৪৬] |
||
| 300 |
_a খণ্ড. : _bচিত্র. ; _c২৭ সেমি. |
||
| 500 | _a"চিত্র ও মানচিত্র সম্বলিত" | ||
| 505 | 0 | _aখণ্ড. ১ -- | |
| 651 |
_aবাংলাদেশ _zবিক্রমপুর _xইতিহাস _9211649 |
||
| 651 |
_aBangaladesh _zBikrompur _xHistory _9211650 |
||
| 942 |
_2ddc _cRAR |
||
| 999 |
_c71530 _d71530 |
||